000
00323 a2200157 4500
001
164497
020
_a
040
_c
Magnum
100
_a
Dinorah, Maria
240
1
0
_a
Coragem de sonhar
_l
por
245
1
0
_a
Coragem de sonhar
362
0
_a
1899
440
1
_a
Moderna
697
_a
J/ADOLESCENTE, NAMORO
942
_c
BK
999
_c
164497
_d
164497